Wirtschaftliche Effekte einer EU-Osterweiterung auf den Raum Wien (Record no. 3494)

MARC details
000 -LEADER
fixed length control field 00641nam a22002177i 4500
001 - CONTROL NUMBER
control field 3546
003 - CONTROL NUMBER IDENTIFIER
control field OSt
005 - DATE AND TIME OF LATEST TRANSACTION
control field 20170126082320.0
007 - PHYSICAL DESCRIPTION FIXED FIELD--GENERAL INFORMATION
fixed length control field tu
008 - FIXED-LENGTH DATA ELEMENTS--GENERAL INFORMATION
fixed length control field 161220s1997 xxu||||| |||| 00| 0 d
024 7# - OTHER STANDARD IDENTIFIER
Standard number or code 3545
Source of number or code RID
040 ## - CATALOGING SOURCE
Transcribing agency OSt
084 ## - OTHER CLASSIFICATION NUMBER
Classification number 11.431
-- 22.22
Number source z
100 1# - MAIN ENTRY--PERSONAL NAME
Personal name Havlik, Peter
245 00 - TITLE STATEMENT
Title Wirtschaftliche Effekte einer EU-Osterweiterung auf den Raum Wien
Remainder of title Studie im Auftrag der Magistratsabteilung 18
260 ## - PUBLICATION, DISTRIBUTION, ETC.
Place of publication, distribution, etc. Wien :
Name of publisher, distributor, etc. Wiener Institut für Internationale Wirtschaftsvergleiche (WIIW),
Date of publication, distribution, etc. 1997.
300 ## - PHYSICAL DESCRIPTION
Extent 140 S. ;
Dimensions 30cm.
490 ## - SERIES STATEMENT
Series statement Stadtplanung
Volume/sequential designation 15
700 1# - ADDED ENTRY--PERSONAL NAME
Personal name Geldner, Norbert
700 1# - ADDED ENTRY--PERSONAL NAME
Personal name Mayerhofer, Peter
942 ## - ADDED ENTRY ELEMENTS (KOHA)
Koha item type Book
Holdings
Withdrawn status Lost status Damaged status Not for loan Home library Current library Shelving location Date acquired Inventory number Total Checkouts Full call number Barcode Date last seen Price effective from Koha item type
        WIIW WIIW Library 06/30/1997 3546   II-6.193 303544 01/26/2017 01/26/2017 Book
The Vienna Instiute for International Economic Studies (wiiw)